60 autonome Länder der Welt - Statistiken

Allgemein
  • Dieses Quiz wurde 109 mal gespielt
  • Das Durchschnittsergebnis liegt bei 22 aus 60
Antwortstatistiken
Hauptstadt autonom. Land /
Außengebiet
polit. vertr.
durch.....
% Korrekt
Jerusalem, Ramallah,G..a Stadt Palästinensische Gebiete /Westjordanland / Gaza PLO, Fatah,Hamas
74%
Belfast Nordirland 🇬🇧
73%
Nuuk Grönland 🇩🇰
68%
Palma de Mallorca Balearen 🇪🇸
60%
Cayenne Französisch Guayana 🇫🇷
60%
Torshavn Färöer 🇩🇰
59%
San Juan Puerto Rico 🇺🇸
59%
Papeete Französisch Polynesien 🇫🇷
51%
J....y Kanalinseln / Jersey 🇬🇧
51%
Simferopol Krim* 🇺🇦
51%
Zanzibar Sansibar 🇹🇿
51%
Oranjestad Aruba 🇳🇱
50%
Lhasa Tibet 🇨🇳
50%
Pago Pago Amerikanisch - Samoa 🇺🇸
49%
H......g Hongkong 🇨🇳
49%
Las Palmas Kanaren 🇪🇸
49%
Funchal Madeira 🇵🇹
49%
G.......r Gibraltar 🇬🇧
48%
Willemstad Curaçao 🇳🇱
46%
Fort de France Martinique 🇫🇷
46%
Stanley Falklandinseln 🇬🇧
45%
King Edward Point Südgeorgien / südl. Sandwichinseln 🇬🇧
45%
Hamilton Bermuda 🇬🇧
43%
Ponta Delgada Azoren 🇵🇹
40%
Basse - Terre Guadeloupe 🇫🇷
40%
Jamestown St. Helena / Ascension /Tristan da Cunha 🇬🇧
40%
Marigot & Philipsburg St. Martin / Sint Maarten 🇫🇷 & 🇳🇱
40%
El-Aaiun Westsahara 🇲🇦 *
40%
Road Town Britische Jungferninseln 🇬🇧
39%
Avarua Cook-Inseln 🇳🇿
39%
Tiraspol Transnistrien 🇲🇩
39%
Hanga Roa Osterinsel/ Rapa Nui 🇨🇱
38%
Saint-Denis Réunion 🇫🇷
38%
M...u Macau 🇨🇳
36%
Hagatna Guam 🇺🇸
35%
Kralendijk Bonaire 🇳🇱
34%
Long year - byen Spitzbergen / Svalbard 🇳🇴
34%
Hargeysa Somaliland 🇸🇴
33%
Nouméa Neukaledonien 🇫🇷
31%
Saint - P....e Saint - Pierre / Miquelon 🇫🇷
31%
The Valley Anguilla 🇬🇧
30%
George Town Cayman - Islands / Kaiman Inseln 🇬🇧
30%
C...a Ceuta 🇪🇸
30%
Zchinwali Südossetien 🇬🇪
30%
Adamstown Pitcairninseln 🇬🇧
29%
Sochumi Abchasien 🇬🇪
28%
Alofi Niue 🇳🇿
26%
Brades Montserrat 🇬🇧
25%
M.....a Melilla 🇪🇸
23%
Cockburn Town Turks- & Caicosinseln 🇬🇧
21%
Mamoudzou Mayotte 🇫🇷
20%
Fakaofo Tokelau 🇳🇿
16%
Novi Sad Vojvodina 🇷🇸
10%
Buka Bougainville 🇵🇬
9%
Garoowe Puntland 🇸🇴
9%
S.....a Sokotra 🇾🇪 / 🇦🇪
9%
Nukus Karakalpakistan 🇺🇿
8%
Batumi Adscharien 🇬🇪
6%
Comrat Gagausien 🇲🇩
6%
Naxcivan Nachitschewan 🇦🇿
3%
Keine übereinstimmenden Quizze gefunden
Verteilung der Resultate
Anzahl Personen mit jedem Resultat
Perzentil nach korrekt beantworteten Fragen
Ihre Resultats-Entwicklung
Sie haben dieses Quiz noch nicht gespielt